| 000 | 00631 a2200205 4500 | ||
|---|---|---|---|
| 003 | OSt | ||
| 005 | 20230320142532.0 | ||
| 008 | 220719s2009 mx a||||r|||| 00| 0 spa d | ||
| 020 | _a9786074423389 | ||
| 040 | _cCHAP | ||
| 082 | 0 | 0 |
_a330 _bG77 _222 |
| 100 | 1 |
_9186349 _aGraue Russek, Ana Luisa |
|
| 245 | 1 | 0 |
_aFundamentos de economía / _cpor Ana Luisa Graue Russek. |
| 264 | 1 |
_aCiudad de México : _bPearson Educación de México, _c2009. |
|
| 300 |
_axiv, 401 páginas. _bejercicios, mapas, graficas. |
||
| 650 | 2 |
_935226 _aEconomía |
|
| 650 | 2 |
_969550 _aMacroeconomía |
|
| 650 | 2 |
_975508 _aMicroeconomía |
|
| 942 |
_2ddc _cLIBRO |
||
| 999 |
_c217317 _d217317 |
||